Vice Chamberlain Coke's theatrical papers, 1706-1715 /

Bibliographic Details
Other Authors: Coke, Thomas, 1674-1727, Milhous, Judith, Hume, Robert D.
Format: Book
Language:English
Published: Carbondale : Southern Illinois University Press, [1982]
Subjects:

MARC

Tag First Indicator Second Indicator Subfields
LEADER 00000pam a2200000 a 4500
001 in00000086613
005 20151008064612.0
008 810504s1982 ilu b 00100 eng
010 |a  81005616  
020 |a 0809310244 
035 |a (OCoLC)07554453 
035 |9 AAK4474AM 
039 0 |a 2  |b 3  |c 3  |d 3  |e 3 
040 |a DLC  |c DLC  |d TXA  |d UtOrBLW 
043 |a e-uk-en 
049 |a TXAM  |c [1481952] 
050 0 0 |a PN2596.L6  |b V5 
082 0 |a 792/.09421/2  |2 19 
245 0 0 |a Vice Chamberlain Coke's theatrical papers, 1706-1715 /  |c edited from the manuscripts in the Harvard Theatre Collection and elsewhere by Judith Milhous and Robert D. Hume. 
264 1 |a Carbondale :  |b Southern Illinois University Press,  |c [1982] 
264 4 |c ©1982 
300 |a xlii, 274 pages ;  |c 24 cm. 
336 |a text  |b txt  |2 rdacontent 
337 |a unmediated  |b n  |2 rdamedia 
338 |a volume  |b nc  |2 rdacarrier 
504 |a Includes bibliographical references and index. 
650 0 |a Theater  |z England  |z London  |x History  |y 18th century  |x Sources. 
650 0 |a Opera  |z England  |z London  |x History and criticism  |x Sources. 
700 1 |a Coke, Thomas,  |d 1674-1727. 
700 1 |a Milhous, Judith. 
700 1 |a Hume, Robert D. 
999 |a MARS 
999 f f |s c01cb9e4-5959-3840-8bdf-afcc92fd4eb9  |i 61ee1f69-63fc-3b78-961f-fddc94986cb7  |t 0 
952 f f |p normal  |a Texas A&M University  |b College Station  |c Sterling C. Evans Library  |d Evans: Library Stacks  |t 0  |e PN2596.L6 V5  |h Library of Congress classification  |i unmediated -- volume  |m A14806178638 
998 f f |a PN2596.L6 V5  |t 0  |l Evans: Library Stacks